00492nam a2200193Ia 4500003000900000008004100009040001300050040001300063041000800076100002100084245008900105250001200194260001200206260000900218300001100227300001200238490004200250490000600292IT-RoPAU120407s9999 xx 000 0 und d aIT-RoPAU cIT-RoPAU aita aHelmut Thielicke aPerplessità del seminarista di fronte al ministero sacerdotale. E altri due saggi. aBrescia aPaideia c1970 a143 p. c18,1 cm aBibl. minima di cultura religiosa, 21 v1